LIBRARY ONLINE CATALOGUE

Human biology for AS / (Record no. 10906)

MARC details
000 -LEADER
fixed length control field 00591nam a22002052 4500
001 - CONTROL NUMBER
control field 0000006983
005 - DATE AND TIME OF LATEST TRANSACTION
control field 20151217154400.0
008 - FIXED-LENGTH DATA ELEMENTS--GENERAL INFORMATION
fixed length control field 071105s xx 000 0 eng d
020 ## - INTERNATIONAL STANDARD BOOK NUMBER
International Standard Book Number 052154891 :
Terms of availability KES 2400
040 ## - CATALOGING SOURCE
Original cataloging agency KABU
Transcribing agency KABU
100 1# - MAIN ENTRY--PERSONAL NAME
Personal name Jones, Mary.
-- 0000155239
245 10 - TITLE STATEMENT
Title Human biology for AS /
Statement of responsibility, etc. Mary Jones, Geoff Jones.
260 ## - PUBLICATION, DISTRIBUTION, ETC. (IMPRINT)
Place of publication, distribution, etc. Cambridge :
Name of publisher, distributor, etc. C. U. P.,
Date of publication, distribution, etc. 2004.
300 ## - PHYSICAL DESCRIPTION
Extent vi, 296 p.
650 #0 - SUBJECT ADDED ENTRY--TOPICAL TERM
Topical term or geographic name as entry element Human biology.
-- 0000155214
700 1# - ADDED ENTRY--PERSONAL NAME
Personal name Jones, Geoff.
-- 0000155240
908 ## - PUT COMMAND PARAMETER (RLIN)
Put command parameter 071105
950 ## - LOCAL HOLDINGS (RLIN)
-- 1
Holdings
Withdrawn status Lost status Source of classification or shelving scheme Not for loan Home library Current library Date acquired Total Checkouts Full call number Barcode Date last seen Date last checked out Price effective from Koha item type
    Library of Congress Classification   Kabarak, Main Campus Kabarak, Main Campus 17/12/2015 3 QP34.5 .J662 010944 28/07/2017 27/07/2017 17/12/2015 General Collection